| 000 | 00725nam a2200217 a 4500 | ||
|---|---|---|---|
| 999 |
_c4723 _d4723 |
||
| 001 | 4723 | ||
| 003 | BD-JhCC | ||
| 005 | 20171130172053.0 | ||
| 008 | 171009s1973 bg a|||| | a| 000 0 ben d | ||
| 035 | _a(BD-JhCC) 4723 | ||
| 040 |
_aBD-JhCC _dBD-JhCC |
||
| 041 | _aben | ||
| 082 |
_a954.92051 _bISL 1973 |
||
| 100 | _aইসলাম, রফিকুল | ||
| 245 |
_aবীরের এ রক্তস্রোত মাতার এ অশ্রুধারা / _cরফিকুল ইসলাম |
||
| 260 |
_aঢাকা : _bবাংলা একাডেমী, _c১৯৭৩. |
||
| 300 |
_a191 p. : _bill. ; _c21 cm. |
||
| 650 |
_aLiberation War-1971 _xHistory _zBangladesh |
||
| 942 |
_2ddc _cBK |
||